banner-ar

MEDICIAL CHEMISTRY: THE ROLE OF ORGANIC CHEMSTRY IN DURITY REASEARCH / (Record no. 16558)

MARC details
000 -الفاتح
حقل البيانات ثابتة الطول 00558nam a2200193Ia 4500
008 - عناصر البيانات ثابتة الطول - معلومات عامة
حقل البيانات ثابتة الطول 140319s9999 xx 000 0 eng d
040 ## - مصدر الفهرسة
وكالة الفهرسة الأصلية GCL /
وكالة النسخ GCL
082 04 - رقم تصنيف ديوى العشرى
رقم التصنيف 547
رقم المادة G M
100 1# - المدخل الرئيسى - إسم شخصى
الإسم الشخصى GANELLIN, G.R
245 10 - بيان العنوان
العنوان MEDICIAL CHEMISTRY: THE ROLE OF ORGANIC CHEMSTRY IN DURITY REASEARCH /
بيان المسئوليه,etc GANELLIN, G.R
700 1# - المدخل الاضافى - اسم شخصى
الإسم الشخصى ROBERTS, S.M.
260 ## - PUBLICATION, DISTRIBUTION, ETC. (IMPRINT)
تاريخ النشر أو التوزيع 1991
300 ## - الوصف المادى
التعداد 302 P
650 04 - المدخل الاضافى بالموضوع-مصطلح موضوعى
مصطلح موضوعي PHARMACOLOGY - CHEMENTING
650 04 - المدخل الاضافى بالموضوع-مصطلح موضوعى
مصطلح موضوعي CLINICAL CHEMISTRY
650 04 - المدخل الاضافى بالموضوع-مصطلح موضوعى
مصطلح موضوعي ORGANIC CHEMISTRY
942 ## - عناصر المدخل الإضافي( كوها)
مصدر التصنيف او مخطط الترفيف Dewey Decimal Classification
Koha [default] item type كتاب
260 ## - PUBLICATION, DISTRIBUTION, ETC. (IMPRINT)
-- [S.N] :
-- ACADEMIC PRESS LIMITED. ،
Holdings
حالة التراجع حالة الفقد حالة تلف ليس للاعارة المكان المؤقت الموقع الحالى تاريخ الاكتساب اجمالي اﻻعارات رقم الطلب الباركود تاريخ اخر مشاهدة تاريخ تفعيل السعر نوع وعاء كوها
        مكتبة القاهرة الكبرى مكتبة القاهرة الكبرى 03/26/2014   547\G M 30039 03/26/2014 03/26/2014 كتاب
        مكتبة القاهرة الكبرى مكتبة القاهرة الكبرى 03/26/2014   547\G M 30040 03/26/2014 03/26/2014 كتاب
        مكتبة القاهرة الكبرى مكتبة القاهرة الكبرى 03/26/2014   547\G M 30041 03/26/2014 03/26/2014 كتاب

Powered By

EGPV